Les Meilleurs buteurs de la Serie A 2016-2017 - Statistiques

Statistiques générales
  • Ce quiz a été pris 32 fois
  • Le résultat moyen est 8 sur 10
Statistiques - réponses
Buts Nationalité Club Joueur % Correct
29 Bosnie-Herzégovine AS Roma Edin Dzeko
100%
28 Belgique Napoli Dries Mertens
97%
16 Egypte AS Roma Mohamed Salah
97%
22 Italie Lazio Ciro Immobile
93%
24 Argentine Juventus Gonzalo Higuain
87%
18 Italie Napoli Lorenzo Insigne
77%
26 Italie Torino Andrea Belotti
70%
24 Argentine Inter Milan Mauro Icardi
63%
16 Argentine Atalanta Papu Gómez
43%
16 Sénégal SS Lazio Keita Baldé
30%
Aucun quiz correspondant
Distribution des résultats
% des personnes avec chaque résultat
Percentile par nombre de réponses
Votre historique - résultats
Vous n’avez pas pris ce quiz